Japanese maples : (Record no. 1047)

000 -LEADER
fixed length control field 01105nam a22003737a 4500
001 - CONTROL NUMBER
control field 1019103
003 - CONTROL NUMBER IDENTIFIER
control field OSt
005 - DATE AND TIME OF LATEST TRANSACTION
control field 20210426121617.0
008 - FIXED-LENGTH DATA ELEMENTS--GENERAL INFORMATION
fixed length control field 880122s1987 orua b 001 0 eng
010 ## - LIBRARY OF CONGRESS CONTROL NUMBER
LC control number 88002215
020 ## - INTERNATIONAL STANDARD BOOK NUMBER
International Standard Book Number 0881920487 :
040 ## - CATALOGING SOURCE
Original cataloging agency DLC
Transcribing agency DLC
Modifying agency DLC
Language of cataloging eng
041 ## - LANGUAGE CODE
Language code of text/sound track or separate title eng
043 ## - GEOGRAPHIC AREA CODE
Geographic area code a-ja---
050 00 - LIBRARY OF CONGRESS CALL NUMBER
Classification number SB413.J34
Item number V47 1988
080 ## - UNIVERSAL DECIMAL CLASSIFICATION NUMBER
Universal Decimal Classification number 58
Item number V-41
082 00 - DEWEY DECIMAL CLASSIFICATION NUMBER
Classification number 635.9/77328
Edition number 19
100 1# - MAIN ENTRY--PERSONAL NAME
Personal name Vertrees, J. D.
245 10 - TITLE STATEMENT
Title Japanese maples :
Remainder of title momiji and kaede = momiji to kaede /
Statement of responsibility, etc. / by: Timber Press
250 ## - EDITION STATEMENT
Edition statement 2nd edition
260 ## - PUBLICATION, DISTRIBUTION, ETC.
Place of publication, distribution, etc. Portland, Or.
Name of publisher, distributor, etc. Timber Press
Date of publication, distribution, etc. c1987.
300 ## - PHYSICAL DESCRIPTION
Extent xiii, 188 p.
Other physical details col.ill.
Dimensions 29 cm.
365 ## - TRADE PRICE
Price amount 40 usd
500 ## - GENERAL NOTE
General note Parallel title in Japanese characters.
504 ## - BIBLIOGRAPHY, ETC. NOTE
Bibliography, etc. note Includes bibliographical references (p. [181]-183) and index.
650 #0 - SUBJECT ADDED ENTRY--TOPICAL TERM
Topical term or geographic name entry element Japanese maple.
650 #0 - SUBJECT ADDED ENTRY--TOPICAL TERM
Topical term or geographic name entry element Botanics
9 (RLIN) 727
650 #0 - SUBJECT ADDED ENTRY--TOPICAL TERM
Topical term or geographic name entry element Fullmoon maple.
650 #0 - SUBJECT ADDED ENTRY--TOPICAL TERM
Topical term or geographic name entry element Maple
Geographic subdivision Japan.
653 ## - INDEX TERM--UNCONTROLLED
Uncontrolled term ბოტანიკა
906 ## - LOCAL DATA ELEMENT F, LDF (RLIN)
a 7
b cbc
c orignew
d 1
e ocip
f 19
g y-gencatlg
942 ## - ADDED ENTRY ELEMENTS (KOHA)
Source of classification or shelving scheme
Koha item type Books
Edition 2
Holdings
Withdrawn status Lost status Source of classification or shelving scheme Damaged status Not for loan Permanent location Current location Date acquired Inventory number Total Checkouts Full call number Barcode Date last seen Price effective from Koha item type
          Ken Walker International University Ken Walker International University 01/28/2021 2565   58 V-41 2565 01/28/2021 01/28/2021 Books

Powered by Koha